Words J. Trudeau does NOT approve - Statistics

General Stats
  • This quiz has been taken 44 times
  • The average score is 8 of 34
Answer Stats
Hint Answer % Correct
Isle of ___, in the UK Isle of Man
100%
Capital of the Philippines Manila
63%
A small orange fruit or a language mandarin
58%
漫画, Japanese comics Manga
53%
A group of all of us mankind
53%
A Polynesian concept of power, a common RPG attribute mana
47%
A country in the Middle East Oman
45%
A Canadian province Manitoba
34%
A place that belongs to no one or an unoccupied land no man's land
34%
Sea cow also known as manatee
32%
Permitting no option, compulsory mandatory
32%
Justin Trudeau gave up his seat at the funeral of this African leader Nelson Mandela
32%
The capital of Nicaragua Managua
29%
A fashionable statement in the US roughly meaning "to behave as an adult" man up
26%
Katie Telford was Justin Trudeau's campaign _______, executive, supervisor manager
24%
To get to power, Justin Trudeau had to get ____(a lot of) voters on his side many
24%
Chemical element n:o 25, used in stainless steel, silver-gray metal manganese
21%
CIA worker, ruler of Panama Manuel Noriega
21%
David Bowie's wife Iman
18%
Lowest rank in the navy, sailor, Arsenal etc. goalkeeper seaman
18%
A person who practices archery, several geographical locations, last name Bowman
11%
Justin Trudeau's religious denomination Roman Catholic
11%
An authoritative order, with -er: leader of a section of armed forces or the Police command
8%
The study of meaning (linguistics) semantics
8%
A close but non-sexual relationship between two or more of the same sex bromance
5%
The Great Spirit called in the mythology of some of the First Nations/Native American manitou
5%
A car operating function that seems to cause trouble to many Americans, the stick manual transmission
5%
A person acting as intermediary between the natural and supernatural worlds shaman
5%
Meaning: "to flow out, issue, or proceed, as from a source or origin" emanate
3%
JT likes to be seen as, is concerned for or helping to improve the welfare/happiness of people humanitarian
3%
Common female fantasy, expressive and pleasurable feeling from an emotional attraction romance
3%
The most densely populated, and the smallest by area, province of Argentina Tucumán
3%
A person employed to write or type what another dictates, secretary amanuensis
0%
A four-act drama by George Bernard Shaw Man and Superman
0%
No matching quizzes found
Score Distribution
Percent of People with Each Score
Percentile by Number Answered
Your Score History
You have not taken this quiz